000
00231nam a2200097Ia 4500
001
707601
005
20250826162511.0
008
250824s9999 xx 000 0 und d
245
0
_a
TOM SAVYER
_c
MARK TWAIN
260
_b
TİMAŞ YAYINLARI
999
_c
707601
_d
707601